| 000 | 00464nam a22001817a 4500 | ||
|---|---|---|---|
| 005 | 20231016103217.0 | ||
| 008 | 231004b |||||||| |||| 00| 0 eng d | ||
| 020 | _a9789144021980 | ||
| 082 |
_a614 _bLIN-G |
||
| 100 | _aLindstrand,Ann | ||
| 245 |
_aGlobal Health : _bAn Introductory Textbook |
||
| 260 |
_aDenmark _bStudentlitteratur _c2006 |
||
| 300 | _a326 | ||
| 500 | _aInclude Index | ||
| 650 | _aMedical | ||
| 700 | _aAnn Lindstrand | ||
| 942 |
_iBook _6BOOK |
||
| 999 |
_c33768 _d33768 |
||